000 00241nam a2200097Ia 4500
001 683283
005 20250826161435.0
008 250824s9999 xx 000 0 und d
245 0 _aBEYİNSİZ ADAM
_cHAKİM TÜRKMEN
260 _bTİMAŞ YAYINLARI
999 _c683283
_d683283